000 00324 a2200157 4500
001 161175
020 _a
040 _cMagnum
100 _aArrabal, Jose
240 1 0 _aArai pele de tigre
_lpor
245 1 0 _aArai pele de tigre
362 0 _a1899
440 1 _aDo Brasil
697 _aIJ/LENDAS, FOLCLORE
942 _cBK
999 _c161175
_d161175